| 000 | 00421nam a2200133Ia 4500 | ||
|---|---|---|---|
| 008 | 170516s9999 xx 000 0 und d | ||
| 245 | 2 | _aA computer-assisted systematic quality monitoring method for cervical hip fracture radiography | |
| 260 | _bActa Radiologica Open | ||
| 260 | _c2016 | ||
| 300 | _a5:12 | ||
| 650 | _xRadiologic Technology | ||
| 650 | _xRadtech | ||
| 856 | _uhttp://journals.sagepub.com/toc/arrb/5/12 | ||
| 999 |
_c332092 _d332092 |
||